000 01069cam a2200229 4500
001 WB3648-09
008 000000n2000 000 0 eng u
035 _a(Sirsi) u109839
245 _aMarket marches past lending milestone
260 _c2000
490 _aEuroProperty
_vDecember 2000/January 2001, 17(1)
520 _aBank of England data indicates that the UK property market has reached another milestone. During the first 3Qs of 2000 lending to the property industry from regulated banks reached a record £51.7bn. This equals the last peak in the market in 1989, and DTZ Research predicts lending will reach £75bn by the end of 2000. However, suggests there are few fears among UK industry players that the banks are once again fuelling an unhealthy 1980-style development boom. Graphs.
590 _aWB
650 _aBANK OF ENGLAND
650 _aDTZ
650 _aLENDING BANKERS
650 _aDEVELOPMENT
650 _aFINANCE
650 _aBANK LENDING
690 _aPROPERTY-COMMERCIAL PROPERTY-COMMERCIAL PROPERTY MARKET
942 _n0
999 _c65539
_d65539